000 00713nam a2200289Ia 4500
005 20260324133708.0
008 008 260324s9999 xx 000 0 eng d
020 _a9780203389980
037 _aEBOOK
040 _aCRL
040 _beng
040 _cCRL
041 _2eng
041 _aeng
084 _qCRL
100 _aChristina Kreps
_91194043
245 0 _aLiberating Culture
245 0 _bCross-Cultural Perspectives on Museums, Curation and Heritage Preservation
260 _bTaylor and Francis
260 _c2003
365 _a
365 _b230
856 _uhttp://www.taylorfrancis.com/books/9780203389980
942 _cEBOOK
999 _c1793374
_d1793374